K základým otázkam koncepcie literárnovednej bibliografie [úvod do diskusie na seminár o literárnej bibliografii ]

Bibliographic Details
Main Author: Kovačka, Miloš, 1940-2019 (Author)
Format: Book
Language:Slovak
Published: Martin [Matica slovenská] 1971
Subjects:

MARC

LEADER 00000cam a2200000 a 4500
001 vtls010588057
003 SK-MaSNL
005 20260301215041.0
008 240318s1971 xo fr 100 0 slo
015 |a SNBA1971/11 
040 |a SNK  |b slo  |c SNK  |e AACR2 
041 0 |a slo 
044 |a xo  |c SK 
080 |a 016:82.0(437.6)(042)  |2 1981 
100 1 |a Kovačka, Miloš,  |d 1940-2019  |4 aut  |9 5107 
245 1 0 |a K základým otázkam koncepcie literárnovednej bibliografie  |b [úvod do diskusie na seminár o literárnej bibliografii ]  |c Miloš Kovačka 
260 |a Martin  |b [Matica slovenská]  |c 1971 
300 |a 37 s.  |c 8 ° 
650 0 7 |a literárnovedná bibliografia  |2 SNKPH  |9 604353 
655 7 |a referáty  |2 SNKPH  |9 70611 
655 7 |a zborníky konferencií  |2 SNKPH  |9 70153 
958 |a OND 
999 |c 926708  |d 928638 
952 |a SNK  |b SNK  |y PREZ  |7 0  |p 17A0901731  |o snkSB 20833  |i snkD 2020/74  |8 1  |0 0  |1 0  |4 0  |d 2014-04-07  |f 1  |l 0  |r 2025-03-21 00:00:00  |w 2026-02-24